Ranking dos Estados Brasileiros por IDH - Statistics

Estatísticas Gerais
  • Esse quiz foi jogado 192 vezes
  • A pontuação média é 19 de 27
Estatísticas das Respostas
# Estados IDH % Correto
1 Distrito Federal 0,850
99%
2 São Paulo 0,826
99%
4 Rio de Janeiro 0,796
98%
3 Santa Catarina 0,808
98%
5 Paraná 0,792
95%
6 Minas Gerais 0,787
92%
7 Rio Grande do Sul 0,787
91%
8 Mato Grosso 0,774
88%
9 Espírito Santo 0,772
87%
10 Goiás 0,769
85%
11 Mato Grosso do Sul 0,766
80%
12 Roraima 0,752
74%
13 Tocantins 0,743
70%
15 Ceará 0,735
65%
14 Amapá 0,740
63%
16 Amazonas 0,733
59%
17 Rio Grande do Norte 0,731
54%
27 Alagoas 0,683
52%
21 Acre 0,719
51%
26 Maranhão 0,687
51%
24 Pará 0,698
50%
18 Pernambuco 0,727
50%
25 Piauí 0,697
50%
19 Rondônia 0,725
48%
22 Bahia 0,714
47%
23 Sergipe 0,702
47%
20 Paraíba 0,722
44%
Nenhum quiz correspondente encontrado
Distribuição das Pontuações
Porcentagem de Pessoas com Cada Pontuação
Percentil de Números Respondidos
Sua Pontuação Histórica
Você não jogou esse quiz